Statistics for Book Titles by Synonyms #2

Click here to take the quiz!

General Stats

  • This quiz has been taken 9,363 times
  • The average score is 12 of 20

Answer Stats

SynonymsBook Title% Correct
Tiny LadiesLittle Women
93%
A Story of a Couple TownsA Tale of Two Cities
89%
Small Home on the
Grassland
Little House on the
Prairie
87%
The Raisins of RageThe Grapes of Wrath
86%
Dread of AviationFear of Flying
72%
The Enormous SnoozeThe Big Sleep
70%
Journal of Wussy ChildDiary of a Wimpy Kid
70%
The PrecipitationcreatorThe Rainmaker
66%
The Starvation AmusementsThe Hunger Games
65%
The Nude and the
Deceased
The Naked and the
Dead
63%
A Crease in ChronologyA Wrinkle in Time
62%
Entirely Silent on the
Occidental Face
All Quiet on the
Western Front
59%
DuskTwilight
59%
Creature PlantationAnimal Farm
56%
Ivory ToothWhite Fang
42%
The Crimson GlyphThe Scarlet Letter
42%
The Devilish StanzasThe Satanic Verses
33%
OdysseusUlysses
31%
The Glen of the FigurinesThe Valley of the Dolls
28%
Narcissism FestivalVanity Fair
14%

Score Distribution

Percentile by Number Answered

Percent of People with Each Score

Your Score History

You have not taken this quiz